| 000 | 01224cam a22003497a 4500 | ||
|---|---|---|---|
| 999 |
_c330552 _d330552 |
||
| 001 | 17458938 | ||
| 003 | NUST | ||
| 005 | 20170719170323.0 | ||
| 008 | 120911s2012 caua b 001 0 eng d | ||
| 010 | _a 2012405952 | ||
| 016 | 7 |
_a016039579 _2Uk |
|
| 020 | _a9781449316549 (pbk.) | ||
| 020 | _a1449316549 (pbk.) | ||
| 035 | _a(OCoLC)ocn773668236 | ||
| 040 |
_aBTCTA _beng _cBTCTA _dUKMGB _dBDX _dSINLB _dYDXCP _dBWX _dDEBBG _dCDX _dOCLCO _dDLC |
||
| 042 | _alccopycat | ||
| 050 | 0 | 0 |
_aTA1634 _b.S715 2012 |
| 082 | 0 | 4 |
_a005.37 SOL _223 |
| 084 |
_aDAT 366f _2stub |
||
| 084 |
_aDAT 760f _2stub |
||
| 100 | 1 |
_aSolem, Jan Erik. _93463 |
|
| 245 | 1 | 0 |
_aProgramming computer vision with Python _cJan Erik Solem. |
| 246 | 0 |
_iSubtitle on cover: _aTools and algorithms for analyzing images |
|
| 250 | _a1st ed. | ||
| 260 |
_aSebastopol, CA : _bO'Reilly, _c2012. |
||
| 300 |
_axii, 247 p. : _bill. ; _c24 cm. |
||
| 504 | _aIncludes bibliographical references (p. 239-241) and index. | ||
| 650 | 0 |
_aComputer vision. _92862 |
|
| 650 | 0 |
_aPython (Computer program language) _93211 |
|
| 650 | 0 |
_aComputer algorithms. _93009 |
|
| 906 |
_a7 _bcbc _ccopycat _d2 _encip _f20 _gy-gencatlg |
||
| 942 |
_2ddc _cBK |
||